Continuacion y suplemento del prontuario de D. Severo Aguirre (Record no. 10887)

MARC details
000 -CABECERA
campo de control de longitud fija 01568nam a22002777a 4500
001 - NÚMERO DE CONTROL
campo de control BRCA_9268
003 - IDENTIFICADOR DEL NÚMERO DE CONTROL
campo de control FranzMayer
005 - FECHA Y HORA DE LA ÚLTIMA TRANSACCIÓN
campo de control 20230719123421.0
008 - DATOS DE LONGITUD FIJA--INFORMACIÓN GENERAL
campo de control de longitud fija 230719b |||||||| |||| 00| 0 eng d
040 ## - FUENTE DE LA CATALOGACIÓN
Centro catalogador/agencia de origen MFM
Lengua de catalogación esp
Centro/agencia transcriptor MFM
050 #4 - SIGNATURA TOPOGRÁFICA DE LA BIBLIOTECA DEL CONGRESO
Número de clasificación CO65
Número de documento/Ítem G37 1805
082 ## - NÚMERO DE LA CLASIFICACIÓN DECIMAL DEWEY
Número de edición CD.A38
100 1# - ENTRADA PRINCIPAL--NOMBRE DE PERSONA
Código de función/relación Autor
Nombre de persona Garriga, Don Josef
9 (RLIN) 28854
240 1# - TÍTULO UNIFORME
Título uniforme Continuacion y suplemento del prontuario de D. Severo Aguirre
Medio Que comprende las cédulas, resoluciones &c. expedidas el año de 1804 y algunas de las anteriores
Lenguaje de la obra españo
245 0# - MENCIÓN DE TÍTULO
Título Continuacion y suplemento del prontuario de D. Severo Aguirre
Resto del título Que comprende las cédulas, resoluciones &c. expedidas el año de 1804 y algunas de las anteriores
260 ## - PUBLICACIÓN, DISTRIBUCIÓN, ETC.
Lugar de publicación, distribución, etc. Madrid, España
Nombre del editor, distribuidor, etc. Imprenta de Ruiz
Fecha de publicación, distribución, etc. 1805
300 ## - DESCRIPCIÓN FÍSICA
Extensión 463 p
Dimensiones 21 cm
500 ## - NOTA GENERAL
Nota general Con privilegio de la Corona Española
500 ## - NOTA GENERAL
Nota general La página 43 lleva el nombre de Bandera de Buenos-Ayres y sobresale debido a que es el doble del tamaño de las demás
500 ## - NOTA GENERAL
Nota general Anotaciones al inicio del libro con lápiz
500 ## - NOTA GENERAL
Nota general Entre la páginas 52 y 53 un material fue arrancado del libro dejando solo unas pequeñas marcas del mismo, posiblemente un material complementario ya que no afecta la numeración
505 0# - NOTA DE CONTENIDO CON FORMATO
Nota de contenido con formato Texto en: españolDirigido a: Historiadores, sociólogos, antropólogos o cualquier otra persona con interés en las tierras de Aguirre o de la Corona Española en el siglo XIX.Incluye índice temático
650 1# - PUNTO DE ACCESO ADICIONAL DE MATERIA--TÉRMINO DE MATERIA
Fuente del encabezamiento o término Diplomacia
Término de materia o nombre geográfico como elemento de entrada Archivos
Subdivisión de forma Prontuario
9 (RLIN) 28855
651 ## - PUNTO DE ACCESO ADICIONAL DE MATERIA--NOMBRE GEOGRÁFICO
Fuente del encabezamiento o término Prontuario
Nombre geográfico Cédulas
Subdivisión de forma Aguirre
9 (RLIN) 28856
942 ## - ELEMENTOS DE PUNTO DE ACCESO ADICIONAL (KOHA)
Fuente del sistema de clasificación o colocación Library of Congress Classification
Tipo de ítem Koha Libros
Holdings
Estado de retiro Estado de pérdida Fuente del sistema de clasificación o colocación Estado dañado No para préstamo Código de colección Localización permanente Ubicación/localización actual Fecha de adquisición Fuente de adquisición Total de préstamos Signatura topográfica completa Código de barras Fecha visto por última vez Precio válido a partir de Tipo de ítem Koha
El ejemplar forma parte de la colección y puede ser consultado según las políticas vigentes.   Library of Congress Classification     Conventual Franz Mayer Biblioteca del Museo Franz Mayer (Rogerio Casas-Alatriste) Biblioteca del Museo Franz Mayer (Rogerio Casas-Alatriste) 19/07/2023 Donación   CO65 G37 1805 CFM00501 19/07/2023 19/07/2023 Libros